000 00482nam a2200181Ia 4500
005 20250508153026.0
008 008 250505s9999 xx 000 0 eng d
037 _aTextual
040 _aFEDL
_beng
_cFEDL
041 _aeng
_2eng
084 _a029.5, COL
_qFEDL
100 _aCollison Robert L
245 0 _aIndexes and indexing
260 _aLondon, UK
_bErnest Benn Limited
_c1959
300 _a200p.
942 _cTEXL
_h029.5, COL
999 _c1340220
_d1340220